000 00779nam a2200265 i 4500
001 bg
100 1 _aBecker, Norbert.
245 1 0 _aDialog Beruf 2 :
_bDeutsch als Fremdsprache für Grundstufe /
_cBecker / Braunert / Eisfeld.
250 _a2. Aufl.
260 _aIsmaning :
_bMax Hueber Verl.,
_c2002.
300 _a173 s. :
_bil. ;
_c28 cm +
_e3 kasety dźw.
650 9 _aJęzyk niemiecki
655 _aPodręczniki
700 1 _aBraunert, Jörg.
700 1 _aEisfeld, Karl-Heinz.
020 _a3190015910 (podręcznik)
020 _a8388972227 (kasety)
040 _cBPK
041 0 _ager
080 _a811.112.2(07)
920 _a3-19-001591-0 (podręcznik)
920 _a83-88972-22-7 (kasety)
942 _cKS
008 s pl f |000 0 pol
999 _c44863
_d44863
856 _uhttp://koha.tu.koszalin.pl/cgi-bin/koha/opac-detail.pl?biblionumber=44863
_yKatalog online BPK